00425nam a2200157Ia 4500003000400000008004100004040001600045082001600061100002400077245005500101260004400156300001000200490001600210650001400226650002700240GCL140319s9999 xx 000 0 eng d aGCL / cGCL04a370.15bJ P1 aDE JOUFFREY, MORAND10aLA PSYCHOLOGIE DE L'ENFANT / cDE JOUFFREY, MORAND a[S.N] : bMARABOUT UNIVERSITE ، c1995 a191 P aMARABOUTv004aEDUCATION04aEDUCATIONAL PSYCHOLOGY